[Event "ICS rated bullet match"]
[Site "204.178.125.65"]
[Date "2001.08.16"]
[Round "?"]
[White "EroeInrico"]
[Black "Hossa"]
[Result "0-1"]
[WhiteElo "2014"]
[BlackElo "2434"]
[PlyCount "42"]
[EventDate "2001.??.??"]

1. e4 c5 2. Nc3 Nc6 3. g3 g6 4. Bg2 Bg7 5. d3 d6 6. Be3 e5 7. Qd2 Nge7 8. Bh6
Bxh6 9. Qxh6 Qb6 10. Nd1 Be6 11. Ne2 Nb4 12. Qd2 Nxa2 13. c3 f5 14. b4 cxb4 15.
c4 b3 16. O-O fxe4 17. Bxe4 Bh3 18. Re1 Nb4 19. Ndc3 Nc2 20. Rac1 Nxe1 21. Rxe1
O-O {EroeInrico resigns} 0-1

[Event "ICS rated bullet match"]
[Site "204.178.125.65"]
[Date "2001.08.16"]
[Round "?"]
[White "Hossa"]
[Black "EroeInrico"]
[Result "1-0"]
[WhiteElo "2437"]
[BlackElo "2011"]
[PlyCount "49"]
[EventDate "2001.??.??"]

1. e4 Nf6 2. Nc3 e5 3. Bc4 Bb4 4. Nge2 Nc6 5. O-O d6 6. a3 Bc5 7. d3 a6 8. Bg5
h6 9. Be3 Nd4 10. Qd2 O-O 11. Bxd4 exd4 12. Nd5 Nxd5 13. Bxd5 c6 14. Bb3 Bb6
15. Qf4 Be6 16. Bxe6 fxe6 17. Qg3 e5 18. f4 Qe7 19. Qg4 Rae8 20. fxe5 dxe5 21.
Ng3 Rxf1+ 22. Rxf1 Bc7 23. Nf5 Qd7 24. Nxh6+ Kh7 25. Qxd7 {EroeInrico resigns}
1-0

[Event "ICS rated bullet match"]
[Site "204.178.125.65"]
[Date "2001.08.16"]
[Round "?"]
[White "EroeInrico"]
[Black "Hossa"]
[Result "0-1"]
[WhiteElo "2008"]
[BlackElo "2440"]
[PlyCount "58"]
[EventDate "2001.??.??"]

1. d4 Nf6 2. Bf4 g6 3. e3 Bg7 4. h3 O-O 5. Nf3 c5 6. c3 cxd4 7. exd4 Qb6 8. Qb3
Qxb3 9. axb3 a6 10. Nbd2 Re8 11. Bc4 d6 12. O-O Bf5 13. Bh2 Nbd7 14. Rfe1 Nb6
15. Rad1 Nxc4 16. bxc4 Bh6 17. Nf1 Rac8 18. Ne3 Bxe3 19. Rxe3 Rxc4 20. Rde1 Nd5
21. R3e2 Rc6 22. Nd2 Bd3 23. Re3 Nxe3 24. Rxe3 Bc2 25. Re4 Bxe4 26. Nf3 Bxf3
27. g3 Rb6 28. h4 Rxb2 29. g4 Rb1# {EroeInrico checkmated} 0-1

[Event "ICS rated bullet match"]
[Site "204.178.125.65"]
[Date "2001.08.16"]
[Round "?"]
[White "Hossa"]
[Black "EroeInrico"]
[Result "1-0"]
[WhiteElo "2442"]
[BlackElo "2006"]
[PlyCount "42"]
[EventDate "2001.??.??"]

1. d4 d5 2. Nf3 Nf6 3. c4 dxc4 4. e3 e6 5. Bxc4 c5 6. O-O a6 7. dxc5 Qc7 8. b4
b6 9. Bb2 bxc5 10. Be5 Qb7 11. bxc5 Bxc5 12. Nbd2 Nbd7 13. Rb1 Qa7 14. Nb3 Be7
15. Bd6 Bxd6 16. Qxd6 Qb8 17. Qd4 O-O 18. Bd3 Rd8 19. Qh4 Bb7 20. Na5 Ra7 21.
Nc6 Qc7 {EroeInrico resigns} 1-0

[Event "ICS rated bullet match"]
[Site "204.178.125.65"]
[Date "2001.08.16"]
[Round "?"]
[White "Hossa"]
[Black "EroeInrico"]
[Result "1-0"]
[WhiteElo "2446"]
[BlackElo "2002"]
[PlyCount "65"]
[EventDate "2001.??.??"]

1. c4 e5 2. Nc3 Nc6 3. Nf3 g6 4. e3 Bg7 5. d4 d6 6. d5 Nce7 7. Bd3 h6 8. O-O f5
9. e4 f4 10. Bd2 g5 11. Qa4+ Bd7 12. Qb3 b6 13. Rfe1 Nf6 14. Qd1 Ng6 15. Rf1
O-O 16. Ne1 h5 17. Nf3 g4 18. Ne1 Nh7 19. Qc2 Ng5 20. f3 g3 21. hxg3 fxg3 22.
Ne2 Nf7 23. Nxg3 Qh4 24. Kf2 Bh6 25. Rh1 Qf6 26. Nxh5 Qe7 27. Bxh6 Nxh6 28. Qd2
Ng4+ 29. Kg1 Nf6 30. Qh6 Rf7 31. Qxg6+ Kf8 32. Nxf6 Rxf6 33. Rh8# {
EroeInrico checkmated} 1-0

[Event "ICS rated blitz match"]
[Site "204.178.125.65"]
[Date "2001.08.16"]
[Round "?"]
[White "Hossa"]
[Black "Gervasio"]
[Result "1-0"]
[WhiteElo "2511"]
[BlackElo "2028"]
[PlyCount "53"]
[EventDate "2001.??.??"]

1. d4 d5 2. c4 c6 3. Nf3 Nf6 4. Qc2 dxc4 5. Qxc4 Bf5 6. g3 Qb6 7. Bg2 e6 8. O-O
Be7 9. Nh4 Bg4 10. e4 Nbd7 11. h3 Bh5 12. Nc3 O-O 13. Bf3 Bxf3 14. Nxf3 Rac8
15. Qe2 c5 16. d5 exd5 17. e5 Ne4 18. Nxd5 Qe6 19. Qxe4 Bd8 20. Rd1 Nb6 21.
Nxb6 axb6 22. Qxb7 Bc7 23. Ng5 Qf5 24. f4 h6 25. Qe4 Qxe4 26. Nxe4 Rfd8 27. Be3
{Gervasio resigns} 1-0

[Event "ICS rated blitz match"]
[Site "204.178.125.65"]
[Date "2001.08.16"]
[Round "?"]
[White "nyul"]
[Black "Hossa"]
[Result "0-1"]
[WhiteElo "2043"]
[BlackElo "2516"]
[PlyCount "62"]
[EventDate "2001.??.??"]

1. e4 c5 2. c4 Nc6 3. d3 g6 4. Nc3 Bg7 5. Nf3 d6 6. h3 f5 7. Be2 Nf6 8. Be3 O-O
9. Qd2 e5 10. Bh6 fxe4 11. dxe4 Bxh6 12. Qxh6 Nd4 13. Bd1 Be6 14. Ng5 Bxc4 15.
h4 Qc7 16. h5 gxh5 17. b3 Ba6 18. Nf3 Qf7 19. Rh3 Rad8 20. Rg3+ Kh8 21. Ng5 Qg6
22. Qxg6 hxg6 23. Kd2 d5 24. exd5 Nxd5 25. Nxd5 Rxd5 26. Ke1 b6 27. Nf3 Kg7 28.
Nxd4 exd4 29. Kd2 Rxf2+ 30. Ke1 Rdf5 31. Bf3 Rf1+ {nyul resigns} 0-1

[Event "ICS rated blitz match"]
[Site "204.178.125.65"]
[Date "2001.08.16"]
[Round "?"]
[White "Hossa"]
[Black "nyul"]
[Result "1-0"]
[WhiteElo "2518"]
[BlackElo "2041"]
[PlyCount "55"]
[EventDate "2001.??.??"]

1. c4 e5 2. g3 c5 3. Nc3 Nf6 4. Bg2 Nc6 5. Nh3 d6 6. f4 Be7 7. O-O O-O 8. fxe5
dxe5 9. Nf2 Bf5 10. d3 Qd7 11. Nd5 Nxd5 12. cxd5 Nd4 13. e3 Nb5 14. Bd2 Nd6 15.
e4 Bg6 16. Bc3 f6 17. Bh3 Qc7 18. Be6+ Bf7 19. Bxf7+ Rxf7 20. Qh5 g6 21. Qf3
Nb5 22. Ng4 Kg7 23. Bxe5 Qb6 24. Bf4 Nd4 25. Bh6+ Kh8 26. Qf2 c4 27. Ne5 fxe5
28. Qxf7 {nyul resigns} 1-0

[Event "ICS rated blitz match"]
[Site "204.178.125.65"]
[Date "2001.08.16"]
[Round "?"]
[White "nyul"]
[Black "Hossa"]
[Result "0-1"]
[WhiteElo "2039"]
[BlackElo "2520"]
[PlyCount "72"]
[EventDate "2001.??.??"]

1. e4 c5 2. c4 Nc6 3. d3 g6 4. Nc3 Bg7 5. Nf3 d6 6. h3 f5 7. Be3 e6 8. Be2 Nf6
9. Qd2 O-O 10. Bh6 Nd4 11. Bd1 fxe4 12. dxe4 Bxh6 13. Qxh6 Qe7 14. O-O Qg7 15.
Qxg7+ Kxg7 16. Nxd4 cxd4 17. Nb5 Nxe4 18. Nxd4 Nd2 19. Re1 Nxc4 20. Nxe6+ Bxe6
21. Rxe6 d5 22. Re7+ Rf7 23. Rxf7+ Kxf7 24. Bf3 Ke6 25. Re1+ Ne5 26. Bd1 Kd6
27. Bb3 Rc8 28. Rd1 Rc5 29. f4 Nc4 30. Bxc4 Rxc4 31. Rf1 d4 32. Rd1 Kd5 33. Rd2
Ke4 34. Kf2 d3 35. g3 Rc2 36. Ke1 Ke3 {nyul resigns} 0-1

[Event "ICS rated blitz match"]
[Site "204.178.125.65"]
[Date "2001.08.16"]
[Round "?"]
[White "Hossa"]
[Black "nyul"]
[Result "1-0"]
[WhiteElo "2522"]
[BlackElo "2037"]
[PlyCount "87"]
[EventDate "2001.??.??"]

1. e4 e5 2. Nf3 Nc6 3. d4 exd4 4. Nxd4 Nxd4 5. Qxd4 Qf6 6. e5 Qb6 7. Qxb6 axb6
8. Nc3 Bb4 9. Bd2 Bxc3 10. Bxc3 Ne7 11. Bc4 O-O 12. f4 Re8 13. Kf2 d5 14. exd6
cxd6 15. Bb5 Nc6 16. Rhd1 Be6 17. Rxd6 Rad8 18. Bxc6 bxc6 19. Rxc6 b5 20. Rc7
Bc4 21. Re1 Rxe1 22. Bxe1 Re8 23. b3 Bd5 24. Rc5 Be4 25. Rxb5 Bxc2 26. a4 h6
27. Bc3 Bd3 28. Rb6 Re2+ 29. Kf3 Rc2 30. Be5 Bf1 31. Rb8+ Kh7 32. g4 Be2+ 33.
Kg3 Bf1 34. Rb7 Rg2+ 35. Kf3 Rc2 36. Rxf7 h5 37. Rxg7+ Kh8 38. Rc7+ Kg8 39.
Rxc2 hxg4+ 40. Kxg4 Ba6 41. b4 Bb7 42. Kf5 Kf7 43. Rc7+ Ke8 44. Rxb7 {
nyul resigns} 1-0

[Event "ICS rated blitz match"]
[Site "204.178.125.65"]
[Date "2001.08.16"]
[Round "?"]
[White "nyul"]
[Black "Hossa"]
[Result "1/2-1/2"]
[WhiteElo "2035"]
[BlackElo "2524"]
[PlyCount "118"]
[EventDate "2001.??.??"]

1. e4 c5 2. c4 Nc6 3. d3 d6 4. Nc3 Nf6 5. Nf3 e5 6. Be2 Be7 7. h3 O-O 8. Be3
Bd7 9. Qd2 Nd4 10. Bd1 Qc7 11. O-O Rfe8 12. b3 Rf8 13. a4 Bc6 14. Nh2 Nd7 15.
f4 exf4 16. Bxf4 f5 17. exf5 Rxf5 18. Rb1 Raf8 19. Bg4 R5f7 20. Ne2 Nf5 21. Ng3
Nxg3 22. Bxg3 Kh8 23. Be6 Rf6 24. Rbe1 Ne5 25. Bxe5 dxe5 26. Bg4 Qd6 27. Bf3
Bxf3 28. Nxf3 Qc7 29. Qe3 Bd6 30. Qe4 Rf4 31. Qd5 Qe7 32. Nd2 Bb8 33. Rxf4 Rxf4
34. Rf1 Rxf1+ 35. Nxf1 h6 36. Ng3 b6 37. Ne4 Kh7 38. Qc6 Qd8 39. Nf2 Bc7 40.
Qe4+ g6 41. Ng4 Qd6 42. Ne3 Qd4 43. Qxd4 exd4 44. Nd5 Bd8 45. Kf2 Kg7 46. Kf3
Bh4 47. Ke4 Bg3 48. Ne7 Kf7 49. Nc6 a5 50. Kd5 Ke8 51. Ne5 Bxe5 52. Kxe5 Ke7
53. g4 g5 54. Kf5 Kf7 55. Ke5 Ke7 56. Kf5 Kf7 57. Ke5 Ke7 58. Kf5 Kf7 59. Ke5
Ke7 {Game drawn by repetition} 1/2-1/2

[Event "ICS rated blitz match"]
[Site "204.178.125.65"]
[Date "2001.08.16"]
[Round "?"]
[White "AMO"]
[Black "Hossa"]
[Result "0-1"]
[WhiteElo "2167"]
[BlackElo "2510"]
[PlyCount "114"]
[EventDate "2001.??.??"]

1. d4 Nf6 2. Nf3 e6 3. c4 d5 4. Nc3 Be7 5. Bg5 O-O 6. e3 h6 7. Bh4 c6 8. Qc2
Na6 9. a3 Nc7 10. Bd3 dxc4 11. Bxc4 b6 12. O-O Bb7 13. Rfd1 Ng4 14. Bxe7 Qxe7
15. h3 Nf6 16. Ne5 c5 17. Rac1 cxd4 18. Rxd4 Qc5 19. Nd3 Qg5 20. f4 Qh5 21. Ne5
Qh4 22. Qf2 Qxf2+ 23. Kxf2 Rfd8 24. Rcd1 Rxd4 25. Rxd4 g5 26. g4 Kg7 27. f5 Re8
28. Nd7 Re7 29. Nxf6 Kxf6 30. e4 Ke5 31. Ke3 Bc6 32. Rd8 Re8 33. Rxe8 Bxe8 34.
Nb1 exf5 35. exf5 f6 36. Nd2 Bc6 37. Bf7 Bd5 38. Bxd5 Nxd5+ 39. Kf3 Nf4 40. Kg3
Kd4 41. h4 Kd3 42. Nf3 a6 43. hxg5 hxg5 44. Kf2 Kc2 45. Ke3 Kxb2 46. Nxg5 fxg5
47. Ke4 b5 48. f6 Ng6 49. Kf5 Nf8 50. Kxg5 Kxa3 51. f7 b4 52. Kf6 b3 53. g5 b2
54. g6 b1=Q 55. g7 Qg6+ 56. Ke7 Qg5+ 57. Kxf8 Qd8# {AMO checkmated} 0-1

[Event "ICS rated blitz match"]
[Site "204.178.125.65"]
[Date "2001.08.16"]
[Round "?"]
[White "Hossa"]
[Black "midknightterror"]
[Result "1-0"]
[WhiteElo "2514"]
[BlackElo "2032"]
[PlyCount "69"]
[EventDate "2001.??.??"]

1. c4 Nf6 2. Nc3 g6 3. g3 d5 4. cxd5 Nxd5 5. Bg2 Nxc3 6. bxc3 Bg7 7. Ba3 O-O 8.
Nf3 Nc6 9. O-O Re8 10. Ng5 h6 11. Ne4 e5 12. f4 Rb8 13. Nc5 exf4 14. Rxf4 Ne5
15. Qa4 b6 16. Qxa7 Bg4 17. Na6 Bxe2 18. Nxb8 Qxb8 19. Qxb8 Rxb8 20. d4 Nc4 21.
Re1 Bh5 22. Bb4 g5 23. Rfe4 Bg6 24. Re8+ Rxe8 25. Rxe8+ Kh7 26. Rc8 c5 27. dxc5
bxc5 28. Bxc5 Bf5 29. Rc7 Kg6 30. Bd4 Ne5 31. a4 Bd3 32. Bd5 f5 33. Re7 Bf6 34.
Re6 Kg7 35. Bxe5 {midknightterror resigns} 1-0

[Event "ICS rated blitz match"]
[Site "204.178.125.65"]
[Date "2001.08.16"]
[Round "?"]
[White "MrHyde"]
[Black "Hossa"]
[Result "0-1"]
[WhiteElo "2048"]
[BlackElo "2516"]
[PlyCount "80"]
[EventDate "2001.??.??"]

1. e4 c5 2. Nc3 Nc6 3. g3 g6 4. Bg2 Bg7 5. d3 e6 6. Be3 d6 7. Qd2 Nf6 8. Bh6
Bxh6 9. Qxh6 Bd7 10. Nge2 Qe7 11. O-O O-O-O 12. a4 Nb4 13. Rfc1 Kb8 14. a5 Ng4
15. Qd2 g5 16. d4 h5 17. h3 Nh6 18. Qe3 f6 19. Na4 e5 20. dxc5 Bxa4 21. Rxa4
dxc5 22. c3 Rd3 23. cxb4 Rxe3 24. fxe3 Qd7 25. Raa1 Qd2 26. Re1 cxb4 27. Rad1
Qxb2 28. a6 bxa6 29. Nc1 a5 30. Re2 Qc3 31. h4 Ng4 32. Rde1 b3 33. Bh3 gxh4 34.
Bxg4 hxg4 35. gxh4 Rxh4 36. Kg2 a4 37. Rd1 Qc4 38. Red2 Qxe4+ 39. Kg3 Qf3+ 40.
Kxh4 Qh3# {MrHyde checkmated} 0-1

[Event "ICS rated blitz match"]
[Site "204.178.125.65"]
[Date "2001.08.16"]
[Round "?"]
[White "kidza"]
[Black "Hossa"]
[Result "0-1"]
[WhiteElo "2292"]
[BlackElo "2520"]
[PlyCount "72"]
[EventDate "2001.??.??"]

1. e4 c5 2. Nf3 d6 3. d4 cxd4 4. Nxd4 Nf6 5. Nc3 g6 6. Be3 Bg7 7. f3 O-O 8. Bc4
Bd7 9. Qd2 Qc7 10. Bb3 Qa5 11. O-O Rc8 12. Bh6 Bxh6 13. Qxh6 Qc5 14. Rad1 Nc6
15. Na4 Qh5 16. Qe3 Nxd4 17. Qxd4 Bb5 18. Rfe1 Bxa4 19. Bxa4 Rc5 20. Bb3 Qh4
21. Re2 Nh5 22. Qf2 Qf6 23. c3 Nf4 24. Red2 Rh5 25. Kh1 Qe5 26. g3 Nh3 27. Qg2
Qc5 28. Rd5 Nf2+ 29. Kg1 Rxd5 30. Rxd5 Nh3+ 31. Kh1 Qc8 32. Qd2 Kg7 33. Kg2 h6
34. e5 Ng5 35. exd6 Qh3+ 36. Kg1 Nxf3+ {kidza resigns} 0-1

[Event "ICS rated standard match"]
[Site "204.178.125.65"]
[Date "2001.08.16"]
[Round "?"]
[White "PostModernist"]
[Black "Hossa"]
[Result "1-0"]
[WhiteElo "2513"]
[BlackElo "2267"]
[PlyCount "102"]
[EventDate "2001.??.??"]

1. e4 c5 2. Nc3 Nc6 3. Nf3 d6 4. d4 cxd4 5. Nxd4 e5 6. Ndb5 a6 7. Na3 Nf6 8.
Bg5 Be7 9. Bxf6 Bxf6 10. Nc4 Be7 11. Nd5 Be6 12. Nxe7 Kxe7 13. Qd2 d5 14. O-O-O
d4 15. f4 exf4 16. Qxf4 f6 17. Qg3 Kf8 18. e5 Qc7 19. Qa3+ Qe7 20. exf6 gxf6
21. Qf3 Re8 22. Re1 Nb4 23. a3 Nd5 24. Re4 b5 25. Na5 f5 26. Rxd4 Bf7 27. Bd3
Qe5 28. Nb3 Ne7 29. Rf4 Bd5 30. Qf2 Bxb3 31. Bxf5 Nd5 32. Re4 Qf6 33. Rxe8+
Kxe8 34. cxb3 Rf8 35. Re1+ Ne7 36. g4 Kf7 37. Qa7 Rh8 38. Be6+ Kg7 39. Qxa6
Qf4+ 40. Kb1 Qd2 41. Re5 b4 42. Bc4 Qd7 43. g5 Nc6 44. Rc5 Rc8 45. Bb5 bxa3 46.
Bxc6 Qd6 47. Qxc8 a2+ 48. Kxa2 Qxc5 49. Qb7+ Kg6 50. h4 Qd6 51. Be8+ Kf5 {
Hossa resigns} 1-0

[Event "ICS rated blitz match"]
[Site "204.178.125.65"]
[Date "2001.08.17"]
[Round "?"]
[White "Hossa"]
[Black "ChesterX"]
[Result "1/2-1/2"]
[WhiteElo "2521"]
[BlackElo "2699"]
[PlyCount "161"]
[EventDate "2001.??.??"]

1. e4 d6 2. d4 Nf6 3. Nc3 c6 4. f4 Qa5 5. Bd3 e5 6. Nf3 Bg4 7. fxe5 dxe5 8.
dxe5 Nfd7 9. Bd2 Nxe5 10. Be2 Bxf3 11. gxf3 Bc5 12. a4 O-O 13. Qc1 Qd8 14. h4
Qd4 15. Nd1 Nbd7 16. b4 Be7 17. Ne3 f5 18. Nxf5 Rxf5 19. exf5 Bxh4+ 20. Kd1 Bg3
21. Qa3 Rf8 22. Qb3+ Kh8 23. Qc3 Qd5 24. Kc1 c5 25. bxc5 Rxf5 26. Rh3 Bf2 27.
Qb3 Qd4 28. Qb2 Qxc5 29. Qxb7 Be3 30. Qe4 Bxd2+ 31. Kxd2 Ng6 32. Bd3 Rf6 33.
Rah1 Ndf8 34. Rh5 Qd6 35. Kc1 h6 36. Kb2 Rf4 37. Qe8 Rb4+ 38. Ka2 Qd4 39. Rxh6+
gxh6 40. Rxh6+ Kg7 41. Rxg6+ Nxg6 42. Qxg6+ Kf8 43. Qh6+ Ke7 44. Qg5+ Ke8 45.
Bb5+ Kf7 46. Qh5+ Ke6 47. Qg6+ Ke5 48. Qg5+ Kd6 49. Qg3+ Qe5 50. Qxe5+ Kxe5 51.
Ka3 Rf4 52. Bc6 Rc4 53. Be4 a5 54. Bd3 Rc8 55. Kb3 Rb8+ 56. Kc3 Kf4 57. Be4 Rb4
58. Bc6 Ke3 59. Bb5 Kxf3 60. Kd3 Kf4 61. c3 Re4 62. Bc6 Re6 63. Bd5 Rb6 64. Kd4
Kf5 65. c4 Kf6 66. Kc5 Rb4 67. Bc6 Ke5 68. Bb5 Rb1 69. Kb6 Kd6 70. Kxa5 Kc5 71.
Ka6 Rf1 72. Kb7 Rf7+ 73. Kb8 Rf3 74. a5 Ra3 75. a6 Kb6 76. Kc8 Rd3 77. c5+ Kxb5
78. a7 Ra3 79. Kb7 Kxc5 80. a8=Q Rxa8 81. Kxa8 {
Game drawn because neither player has mating material} 1/2-1/2

[Event "ICS Rated blitz match"]
[Site "204.178.125.65"]
[Date "2001.08.17"]
[Round "?"]
[White "Hossa"]
[Black "xypher"]
[Result "0-1"]
[WhiteElo "2529"]
[BlackElo "2741"]
[PlyCount "84"]
[EventDate "2001.??.??"]

1. e4 c5 2. c4 g6 3. Nf3 Nc6 4. Be2 Nf6 5. Nc3 Bg7 6. O-O d6 7. d3 O-O 8. Bg5
a6 9. Qd2 Bd7 10. Nd5 b5 11. Nxf6+ exf6 12. Bh6 Bxh6 13. Qxh6 Qe7 14. cxb5 axb5
15. Rfd1 Rfe8 16. a3 Bg4 17. Ng5 fxg5 18. Bxg4 Ra7 19. Rab1 Qe5 20. g3 Qf6 21.
Kg2 b4 22. axb4 Nxb4 23. Be2 Ra2 24. Rd2 Nc6 25. Bg4 Nd4 26. Rbd1 Rb8 27. b3
Rba8 28. b4 cxb4 29. Rxa2 Rxa2 30. Rf1 b3 31. h4 Nc2 32. Kg1 Ra1 33. Bd1 Qc3
34. Kg2 Ne1+ 35. Rxe1 Qxe1 36. Qxg5 Qxd1 37. Qd8+ Kg7 38. g4 Qxg4+ 39. Kh2 Rg1
40. Qf6+ Kxf6 41. e5+ dxe5 42. d4 Qg2# {Hossa checkmated} 0-1

[Event "ICS rated blitz match"]
[Site "204.178.125.65"]
[Date "2001.08.17"]
[Round "?"]
[White "Tinker"]
[Black "Hossa"]
[Result "0-1"]
[WhiteElo "2362"]
[BlackElo "2522"]
[PlyCount "146"]
[EventDate "2001.??.??"]

1. e4 c5 2. Nf3 d6 3. d4 cxd4 4. Nxd4 Nf6 5. Nc3 g6 6. Be3 Bg7 7. Be2 O-O 8.
O-O Re8 9. f4 d5 10. e5 Ne4 11. Nxe4 dxe4 12. Qe1 Bd7 13. Qf2 a6 14. e6 fxe6
15. Bg4 Qc8 16. c3 Nc6 17. Nb3 h5 18. Bh3 e5 19. Bxd7 Qxd7 20. Nc5 Qg4 21. Qc2
exf4 22. Rxf4 Qc8 23. Qxe4 Ne5 24. Rd1 Qc6 25. Nxb7 Qxe4 26. Rxe4 Rab8 27. Rb4
Rf8 28. Rb3 Rf5 29. Ba7 Ra8 30. Bc5 Bf6 31. Rb4 Rf8 32. Rbd4 Kh7 33. Ba3 Bg5
34. Re4 Ng4 35. Bc5 Rb8 36. Rd7 Rxb7 37. Rxb7 Rxc5 38. h3 Nh6 39. Rd7 Nf7 40.
h4 Re5 41. Ra4 Be3+ 42. Kh2 Re6 43. Kh3 Kg7 44. g3 Nh6 45. Kg2 Ng4 46. Rb4 Bc5
47. Rbb7 Re2+ 48. Kf1 Rf2+ 49. Ke1 Rh2 50. b4 Bf2+ 51. Kd1 Ne3+ 52. Ke2 Nf5 53.
Kf3 Kf7 54. a4 Bxg3 55. Ra7 Rf2+ 56. Ke4 Re2+ 57. Kd3 Re6 58. Ra8 Bxh4 59. Rda7
Bf6 60. Rxa6 Re3+ 61. Kc2 Bxc3 62. Kb3 Be1+ 63. Kc4 Rc3+ 64. Kb5 Nd6+ 65. Ka5
Rc5+ 66. Kb6 Bxb4 67. Rb8 Ke6 68. Ka7 Rc7+ 69. Ka8 Bc5 70. Rd8 g5 71. Kb8 Rb7+
72. Ka8 Rb4 73. Rg8 Be3 {Tinker resigns} 0-1

[Event "ICS rated blitz match"]
[Site "204.178.125.65"]
[Date "2001.08.17"]
[Round "?"]
[White "FRA"]
[Black "Hossa"]
[Result "0-1"]
[WhiteElo "2025"]
[BlackElo "2535"]
[PlyCount "48"]
[EventDate "2001.??.??"]

1. d4 Nf6 2. Nf3 e6 3. c4 d5 4. Nc3 c6 5. cxd5 exd5 6. Bg5 Be7 7. e3 O-O 8. Bd3
Ne4 9. Bxe7 Qxe7 10. Qc2 Bf5 11. O-O Nd7 12. Nd2 Nxd2 13. Qxd2 Bxd3 14. Qxd3
Nb6 15. Rfb1 Qg5 16. a4 Qh4 17. a5 Nc4 18. b3 Nd6 19. b4 a6 20. Na4 Ne4 21. Nc5
Qxf2+ 22. Kh1 Rae8 23. Nxb7 Ng3+ 24. hxg3 Re6 {FRA resigns} 0-1

[Event "ICS rated blitz match"]
[Site "204.178.125.65"]
[Date "2001.08.17"]
[Round "?"]
[White "Hossa"]
[Black "Cirdan"]
[Result "1-0"]
[WhiteElo "2537"]
[BlackElo "2035"]
[PlyCount "115"]
[EventDate "2001.??.??"]

1. d4 Nf6 2. c4 g6 3. Nc3 Bg7 4. e4 O-O 5. Nf3 d6 6. Be2 Nc6 7. d5 Nb8 8. O-O
e5 9. Ne1 b6 10. f4 exf4 11. Bxf4 Nbd7 12. Bg5 h6 13. Bh4 g5 14. Bg3 Re8 15.
Bd3 Nf8 16. Qf3 Ng6 17. Nc2 Bg4 18. Qf2 a6 19. Ne3 Bd7 20. Bc2 Qe7 21. Nf5 Bxf5
22. Qxf5 Ne5 23. Bxe5 Qxe5 24. Qf3 Rf8 25. Bb3 Rae8 26. Rae1 Nd7 27. Rd1 Nc5
28. Bc2 Re7 29. Qh5 Rfe8 30. Rf5 b5 31. Rxe5 Rxe5 32. cxb5 axb5 33. Nxb5 Nxe4
34. Bxe4 Rxe4 35. Nxc7 Rb8 36. b4 Rbxb4 37. Rf1 Rf4 38. Rxf4 Rxf4 39. Qe2 Bd4+
40. Kh1 Rf2 41. Qa6 Rb2 42. g3 Rb1+ 43. Kg2 g4 44. Qc8+ Kh7 45. Qf5+ Kg7 46.
Qxb1 Bc5 47. Qf5 h5 48. Qxh5 Kf6 49. Qxg4 Ke7 50. h4 Kd8 51. Ne6+ Kc8 52. Nxc5+
Kc7 53. Qd7+ Kb6 54. Qc6+ Ka5 55. Qa4+ Kb6 56. Qb4+ Kc7 57. Qb7+ Kd8 58. Qd7# {
Cirdan checkmated} 1-0

[Event "ICS Rated blitz match"]
[Site "204.178.125.65"]
[Date "2001.08.17"]
[Round "?"]
[White "Tinker"]
[Black "Hossa"]
[Result "1-0"]
[WhiteElo "2380"]
[BlackElo "2539"]
[PlyCount "163"]
[EventDate "2001.??.??"]

1. e4 c5 2. Nf3 g6 3. d4 cxd4 4. Nxd4 Nc6 5. c4 Bg7 6. Be3 Nf6 7. Nc3 Ng4 8.
Qxg4 Nxd4 9. Qd1 Nc6 10. Be2 O-O 11. O-O f5 12. Qd2 Bxc3 13. Qxc3 fxe4 14. Bh6
Rf7 15. Qe3 Qb6 16. Qxb6 axb6 17. Rfd1 d6 18. a4 Bf5 19. Be3 Ra6 20. c5 bxc5
21. Bc4 Ne5 22. Bxa6 bxa6 23. Rd2 Nd3 24. Rad1 d5 25. f3 c4 26. fxe4 Bxe4 27.
b3 e5 28. bxc4 dxc4 29. Rc2 Bd5 30. Rb1 Kg7 31. Rb6 Rf6 32. a5 Re6 33. Bg5 e4
34. Re2 Kf7 35. Kf1 Rxb6 36. axb6 Ke6 37. Ra2 Bb7 38. Ra4 Kd5 39. Ra5+ Kd6 40.
Be3 Kd7 41. Ke2 Ke6 42. Ra4 Nb2 43. Rb4 c3 44. Rb3 Nc4 45. Rxc3 Kd5 46. Bf2 a5
47. Rh3 Ba6 48. Ke1 h5 49. Rg3 a4 50. Rg5+ Ke6 51. Rxg6+ Kf5 52. Rc6 Nb2 53.
Bd4 Nd3+ 54. Kd2 a3 55. Rc7 Nb4 56. b7 Bxb7 57. Rxb7 Nc6 58. Ba1 h4 59. Rb3 a2
60. Ke3 Nd8 61. Ra3 Nb7 62. Rxa2 Kg4 63. h3+ Kf5 64. Ra6 Nd8 65. Bf6 Nb7 66.
Bd4 Kg5 67. Rb6 Nd8 68. Bf6+ Kh5 69. Rb5+ Kg6 70. Bxd8 Kf7 71. Bxh4 Ke6 72.
Kxe4 Kd6 73. g4 Kc6 74. Rf5 Kd6 75. g5 Kc6 76. g6 Kd6 77. Rb5 Ke6 78. Rb8 Kd6
79. g7 Kc6 80. g8=Q Kd7 81. Qc8+ Kd6 82. Rb6# {Hossa checkmated} 1-0

[Event "ICS Rated blitz match"]
[Site "204.178.125.65"]
[Date "2001.08.17"]
[Round "?"]
[White "Hossa"]
[Black "Tinker"]
[Result "1/2-1/2"]
[WhiteElo "2516"]
[BlackElo "2403"]
[PlyCount "112"]
[EventDate "2001.??.??"]

1. Nf3 d5 2. c4 c6 3. e3 Nf6 4. Nc3 e6 5. d4 Nbd7 6. Bd3 dxc4 7. Bxc4 b5 8. Bd3
Bb7 9. O-O Bd6 10. Qc2 b4 11. Ne4 Nxe4 12. Bxe4 Rc8 13. Bd2 f5 14. Bd3 c5 15.
Qc4 Qe7 16. Be2 O-O 17. dxc5 Bxc5 18. Qf4 e5 19. Qg5 Bd5 20. Rfd1 Qxg5 21. Nxg5
Nb6 22. Ba6 Rcd8 23. Rac1 Be7 24. Nf3 Na4 25. Nxe5 Nxb2 26. Re1 Bd6 27. f4 Rf6
28. Bb5 Bxe5 29. fxe5 Rg6 30. g3 Rb6 31. Rc5 Bxa2 32. Bxb4 Rdb8 33. Re2 Rxb5
34. Rxb5 Rxb5 35. Rxb2 Bd5 36. Bc3 Rxb2 37. Bxb2 Kf7 38. Bc3 Ke6 39. Kf2 Bb7
40. h3 Ke7 41. Bb4+ Kf7 42. Bd6 Be4 43. Ke2 Bg2 44. h4 a6 45. Kd3 Be4+ 46. Kd4
Bf3 47. Bb4 Ke6 48. Bf8 g6 49. Bb4 Kd7 50. Bd2 Bg2 51. Bc3 Ke6 52. Ba5 Bb7 53.
Bc7 Ke7 54. Ba5 Ke6 55. Bc7 Ke7 56. Ba5 Ke6 {Game drawn by repetition} 1/2-1/2

[Event "ICS rated blitz match"]
[Site "204.178.125.65"]
[Date "2001.08.17"]
[Round "?"]
[White "Hossa"]
[Black "ChesterX"]
[Result "1/2-1/2"]
[WhiteElo "2511"]
[BlackElo "2727"]
[PlyCount "167"]
[EventDate "2001.??.??"]

1. c4 e5 2. g3 Nc6 3. Bg2 Nf6 4. Nf3 d5 5. cxd5 Nxd5 6. O-O Nb6 7. b3 Be7 8.
Bb2 f6 9. d4 e4 10. Ne1 f5 11. Nc2 O-O 12. f3 exf3 13. Bxf3 Nd5 14. Nc3 Nxc3
15. Bxc3 Qd6 16. Qd3 Bd7 17. Ne3 Rae8 18. Nc4 Qh6 19. Ne5 Nxe5 20. dxe5 Qb6+
21. Bd4 c5 22. Bf2 Be6 23. Rac1 Qc7 24. Qc3 b6 25. Be3 Rd8 26. Bf4 Kh8 27. Rf2
Rd7 28. e4 fxe4 29. Bxe4 c4 30. b4 Qd8 31. Qe1 g5 32. Be3 Rxf2 33. Bxf2 Bf8 34.
a4 Bg7 35. Bc6 Rf7 36. Rd1 Qc7 37. Rd6 Bf5 38. Qd2 Rf8 39. Bd4 Bh3 40. Bg2 Bxg2
41. Qxg2 c3 42. Rc6 Qe7 43. Bxc3 Qd7 44. Qe4 Qd1+ 45. Be1 Qxa4 46. e6 Qa6 47.
Rc4 Qa1 48. e7 Re8 49. Qe6 Bd4+ 50. Kf1 Qd1 51. Qf5 Kg7 52. Qxg5+ Kh8 53. Qf5
Kg7 54. Rc7 Bf6 55. Rd7 Qb3 56. Qg4+ Kh8 57. Bf2 Qf7 58. Rxa7 Rxe7 59. Rxe7
Bxe7 60. Kg2 Qd5+ 61. Kg1 Qd8 62. h4 Bf6 63. Kg2 b5 64. Qf5 Qa8+ 65. Kh2 Qa6
66. h5 Bg7 67. Qd7 h6 68. Qe8+ Kh7 69. Be3 Qa2+ 70. Kh3 Qd5 71. Qg6+ Kh8 72.
Bc5 Qh1+ 73. Kg4 Qd1+ 74. Kf5 Qd5+ 75. Kf4 Be5+ 76. Ke3 Bd4+ 77. Ke2 Qg2+ 78.
Kd3 Qf3+ 79. Kxd4 Qd5+ 80. Ke3 Qf3+ 81. Kd2 Qc3+ 82. Ke2 Qf3+ 83. Ke1 Qe2+ 84.
Kxe2 {ChesterX stalemated} 1/2-1/2

[Event "ICS Rated blitz match"]
[Site "204.178.125.65"]
[Date "2001.08.17"]
[Round "?"]
[White "ROVER2002"]
[Black "Hossa"]
[Result "0-1"]
[WhiteElo "2413"]
[BlackElo "2520"]
[PlyCount "82"]
[EventDate "2001.??.??"]

1. d4 d5 2. c4 dxc4 3. e3 Nf6 4. Bxc4 e6 5. Nf3 a6 6. Bb3 Bd6 7. O-O O-O 8. Qe2
Bd7 9. e4 Bb5 10. Bc4 Bxc4 11. Qxc4 Nxe4 12. Nc3 Nf6 13. Bg5 Nbd7 14. Rad1 Nb6
15. Qb3 Be7 16. Rfe1 a5 17. Ne5 a4 18. Qc2 Nfd5 19. Bxe7 Qxe7 20. Qe4 a3 21.
Nxd5 Nxd5 22. Nc4 Qb4 23. Nxa3 Qxb2 24. Nc4 Qxa2 25. Qg4 Qxc4 26. Rc1 Qd3 27.
h4 Ra2 28. h5 Qd2 29. Qg3 Qxd4 30. Red1 Qf6 31. Rc4 b6 32. Rg4 Nc3 33. Re1 Ne2+
34. Rxe2 Rxe2 35. h6 Re1+ 36. Kh2 Qxh6+ 37. Rh4 Qc1 38. Qf4 Rh1+ 39. Kg3 Qc3+
40. f3 Qe1+ 41. Kg4 Qxh4# {ROVER2002 checkmated} 0-1